<?xml version="1.0" encoding="UTF-8"?>
<collection xmlns="http://www.loc.gov/MARC21/slim">
 <record>
  <leader>00772nam a22001691  4500</leader>
  <controlfield tag="001">1/49569</controlfield>
  <controlfield tag="008">930512s1977    gr            000 0 gre d</controlfield>
  <datafield tag="035" ind1=" " ind2=" ">
   <subfield code="l">1595</subfield>
  </datafield>
  <datafield tag="040" ind1=" " ind2=" ">
   <subfield code="a">GR-PeUP</subfield>
  </datafield>
  <datafield tag="090" ind1=" " ind2=" ">
   <subfield code="a">320 ΤΣ</subfield>
  </datafield>
  <datafield tag="100" ind1="1" ind2=" ">
   <subfield code="a">Τσάτσος, Δημήτρης Θ.,</subfield>
   <subfield code="d">1933-2010.</subfield>
  </datafield>
  <datafield tag="245" ind1="1" ind2="0">
   <subfield code="a">Εισηγήσεις πολιτειολογίας, τεύχος Α':</subfield>
   <subfield code="b">επιστήμη, δίκαιο, σύνταγμα, πολιτική, πολιτεία /</subfield>
   <subfield code="c">Δημήτρη Θ. Τσάτσου.</subfield>
  </datafield>
  <datafield tag="260" ind1=" " ind2=" ">
   <subfield code="a">Αθήνα :</subfield>
   <subfield code="b">Σάκκουλας,</subfield>
   <subfield code="c">1977.</subfield>
  </datafield>
  <datafield tag="300" ind1=" " ind2=" ">
   <subfield code="a">93 σ. ;</subfield>
   <subfield code="c">21 εκ.</subfield>
  </datafield>
  <datafield tag="650" ind1=" " ind2="4">
   <subfield code="a">Πολιτική επιστήμη.</subfield>
  </datafield>
  <datafield tag="650" ind1=" " ind2="4">
   <subfield code="a">Πολιτειολογία.</subfield>
  </datafield>
  <datafield tag="852" ind1=" " ind2=" ">
   <subfield code="a">INST</subfield>
   <subfield code="b">UNIPILB</subfield>
   <subfield code="c">MAIN</subfield>
   <subfield code="e">20040709</subfield>
   <subfield code="h">320 ΤΣ</subfield>
   <subfield code="p">00105932</subfield>
   <subfield code="q">00105932</subfield>
   <subfield code="t">LOAN</subfield>
   <subfield code="v">τχ.Α:</subfield>
   <subfield code="y">0</subfield>
   <subfield code="z">τχ.Α</subfield>
   <subfield code="4">1</subfield>
  </datafield>
 </record>
</collection>
